Top Rated TV Shows IMDb - Statistics

General Stats
  • This quiz has been taken 92 times
  • The average score is 8 of 50
Answer Stats
Hint Answers % Correct
4 Breaking Bad
94%
14 The Sopranos
69%
12 Game of Thrones
68%
7 The Wire
56%
50 Friends
51%
43 The Office (US)
44%
5 Chernobyl
35%
2 Planet Earth
29%
13 Rick and Morty
28%
48 Seinfeld
26%
3 Band of Brothers
24%
1 Planet Earth 2
24%
45 Attack on Titan
23%
23 The Blue Planet
22%
11 Avatar: The Last Airbender
19%
31 True Detective
19%
21 Sherlock
18%
32 Death Note
15%
40 Hunter x Hunter
14%
8 Our Planet
14%
38 Fargo
13%
19 Fullmetal Alchemist: Brotherhood
13%
6 Blue Planet 2
10%
10 Cosmos
10%
47 Gravity Falls
10%
35 Cowboy Bebop
8%
26 Batman: The Animated Series
6%
17 Life
6%
9 Cosmos: A Spacetime Odyssey
5%
28 Frozen Planet
5%
42 Only Fools and Horses
5%
22 The Twilight Zone
5%
37 Africa
4%
29 Firefly
4%
16 The Last Dance
4%
30 Dekalog
3%
24 Human Planet
3%
41 Last Week Tonigth with John Oliver
3%
46 Nathan for You
3%
25 Sahsiyet
3%
34 The Civil War
3%
15 The World at War
3%
20 Vietnam
3%
49 Das Boot
1%
18 Scam 1992: The Harshad Mehta Story
1%
36 Taskmaster
1%
27 The Beatles
1%
44 TVF Pitchers
1%
39 When They See Us
1%
33 Apocalypse: La 2ème guerre mondiale
0%
No matching quizzes found
Score Distribution
Percent of People with Each Score
Percentile by Number Answered
Your Score History
You have not taken this quiz